| 000 | 00745nam a22002057a 4500 | ||
|---|---|---|---|
| 003 | OSt | ||
| 005 | 20260128094210.0 | ||
| 008 | 210813b ||||| |||| 00| 0 eng d | ||
| 040 | _cOSt | ||
| 041 | _ashan | ||
| 082 | _a294.382322 | ||
| 245 | _aၵႂၢမ်းသွၼ်ပုတ်ႉထၽြႃးပဵၼ်ၸဝ်ႈၼႂ်းထမ်မပတ | ||
| 260 |
_a[ဢမ်ႇပႃးဝဵင်း] _b[ဢမ်ႇပႃးတီႈ] _c2014 |
||
| 300 |
_a440 ၼႃႈ _c18 ၸိၼ်ႇထီႇ |
||
| 500 | _a S-SAT: Dr. Prof Sai Aung Tun | ||
| 650 |
_aထမ်မပတ _921717 |
||
| 710 |
_aမႁႃမုင်ႉ (မိူင်ႈၸႄႈ) ပိၼ်ႇၽႃႇသႃႇ- _965817 |
||
| 942 | _cBK | ||
| 942 | _2ddc | ||
| 999 |
_c6219 _d6219 |
||